000 01074nam a2200289 i 4500
003 EG-GICUC
005 20260427131631.0
008 260427s1948 sz ||||fr|||| 00| 0 eng d
040 _aEG-GiCUC
_beng
_cEG-GiCUC
_dEG-GiCUC
_erda
082 0 4 _221
_a341.6
_bIN . D
092 0 4 _221
099 _aLaw1 11 341.6 IN . D 1948
111 _aDraft Revised or New Conventions for the Protection of War Victims
_n(17:
_d1984:
_cStockholm)
245 1 0 _aDraft Revised or New Conventions for the Protection of War Victims /
_cInternational Committee of the Red Cross.
264 1 _aGeneva :
_bInternational Committee of the Red Cross,
_c1948.
300 _a245 pages :
_billustrations,
_c24 cm
336 _2rda content
_atext
337 _2rda media
_aComputer
338 _2rda carrier
_aOnline Resource
504 _aBibliography: pages 200-250.
546 _aالنص باللغة الإنجليزية
650 1 4 _2
_aPublic international law
651 1 _2
856 4 0 _uhttps://fll.law.cu.edu.eg/fulltext/bks/B11-09119.pdf
905 _a50
942 _2ddc
_cBK
_e21
_n0
999 _c73688
_d73688